[Event "Tula Rjazanov Memorial"]
[Site "Tula"]
[Date "2016.02.12"]
[Round "7"]
[White "Novikov, Mikhail G"]
[Black "Zerzhalova, Svetlana"]
[Result "1-0"]
[WhiteElo "2053"]
[BlackElo "1879"]
[PlyCount "49"]
[EventDate "2016.02.05"]
[EventType "swiss"]
[EventRounds "9"]
[EventCountry "RUS"]
[SourceTitle "CBM 171 Extra"]
[Source "ChessBase"]
[SourceDate "2016.04.26"]
[SourceVersion "1"]
[SourceVersionDate "2016.04.26"]
[SourceQuality "1"]

1. e4 c5 2. c3 Nf6 3. e5 Nd5 4. Nf3 Nc6 5. Bc4 e6 6. d4 Nb6 7. Bb3 cxd4 8. cxd4 d5 9. Nc3 Be7 10. Bc2 Bd7 11. h4 Rc8 12. Ng5 g6 13. Qg4 Bxg5 14. Bxg5 Ne7 15. h5 Qc7 16. Bxe7 Kxe7 17. Qg5+ Ke8 18. hxg6 Qd8 19. gxf7+ Kxf7 20. Qf4+ Kg8 21. Rh4 h5 22. Qg3+ Kf8 23. Rf4+ Ke8 24. Bg6+ Ke7 25. Qg5# 1-0

[Event "Tula Rjazanov Memorial"]
[Site "Tula"]
[Date "2016.02.09"]
[Round "4"]
[White "Korolev, Anatoly Vladimirovi"]
[Black "Novikov, Mikhail G"]
[Result "0-1"]
[WhiteElo "1912"]
[BlackElo "2053"]
[PlyCount "86"]
[EventDate "2016.02.05"]
[EventType "swiss"]
[EventRounds "9"]
[EventCountry "RUS"]
[SourceTitle "CBM 171 Extra"]
[Source "ChessBase"]
[SourceDate "2016.04.26"]
[SourceVersion "1"]
[SourceVersionDate "2016.04.26"]
[SourceQuality "1"]

1. d4 Nf6 2. c4 c5 3. d5 b5 4. cxb5 a6 5. b6 d6 6. Nc3 g6 7. Nf3 Qxb6 8. Nd2 Bg7 9. e4 Nbd7 10. Be2 0-0 11. 0-0 Rb8 12. a4 Ne8 13. Kh1 Nc7 14. Ra3 Qa7 15. Nc4 Nb6 16. Na5 Bd7 17. Bg5 Rfe8 18. Qd2 Nc8 19. Bh6 Bh8 20. f4 Rb4 21. e5 dxe5 22. f5 Rd4 23. fxg6 hxg6 24. Qg5 Nd6 25. Bh5 Bf6 26. Qg3 Nf5 27. Rxf5 Bxf5 28. Nc6 Qb7 29. Nxd4 exd4 30. Ne2 Qxb2 31. Rf3 d3 32. Ng1 Kh7 33. Rxf5 Kxh6 34. Rf1 gxh5 35. Qxc7 Rg8 36. Qf4+ Kh7 37. Qf3 Qd4 38. Qxh5+ Kg7 39. Nf3 Qe4 40. Re1 Qg6 41. Qh3 Rh8 42. Qd7 d2 43. Nxd2 Qg3 0-1